Diseño de una metodología para el análisis integral de las opciones de desarrollo tecnológico de Laboratorios Químicos Arvi, Ltda

Gespeichert in:
Bibliographische Detailangaben
1. Verfasser: Pereira Ruiz, Guillermo
Weitere Verfasser: Sibaja Quesada, Oscar
Format: Buch
Veröffentlicht: San José, Costa Rica 1993
Schlagworte:
Tags: Tag hinzufügen
Keine Tags, Fügen Sie den ersten Tag hinzu!

MARC

LEADER 00000nam a2200000Ia 4500
003 007439
005 20221231144302.0
008 140114s1993 cr a m 000 ||s d
040 |c cru CEDI 
090 |a TFG 3151 
100 |a Pereira Ruiz, Guillermo  |9 11253 
245 |a Diseño de una metodología para el análisis integral de las opciones de desarrollo tecnológico de Laboratorios Químicos Arvi, Ltda 
260 |c 1993  |a San José, Costa Rica 
300 |a  x, [276] hojas : ilustraciones ; 27 cm.  
500 |a  Proyecto de graduación (licenciatura en ingeniería industrial)--Universidad de Costa Rica. Facultad de Ingeniería. Escuela de Ingeniería Industrial 
650 |x LABORATORIOS QUIMICOS ARVI (COSTA RICA) - INVESTIGACIONES  |9 11255 
700 |9 11254  |a Sibaja Quesada, Oscar 
942 |c TFG 
999 |c 19601  |d 19601